La reforma monetaria (Registro nro. 2989)

Detalles MARC
000 -LEADER
fixed length control field 01962 a2200241 4500
001 - CONTROL NUMBER
control field 39249
005 - DATE AND TIME OF LATEST TRANSACTION
control field 20260407155651.0
008 - FIXED-LENGTH DATA ELEMENTS--GENERAL INFORMATION
fixed length control field 260407a1985 arg spa d
003 - CONTROL NUMBER IDENTIFIER
control field AR-UNSa-BCEJYS
040 ## - CATALOGING SOURCE
Original cataloging agency AR-UNSa-BCEJYS
Language of cataloging spa
Transcribing agency AR-UNSa-BCEJYS
080 ## - UNIVERSAL DECIMAL CLASSIFICATION NUMBER
Universal Decimal Classification number 336.74
Common auxiliary subdivision Moneda. Sistema monetario
020 ## - INTERNATIONAL STANDARD BOOK NUMBER
International Standard Book Number 950-21-0764-0
041 ## - LANGUAGE CODE
Language code of text/sound track or separate title spa
100 1# - MAIN ENTRY--PERSONAL NAME
Personal name Adrogué, Manuel Ignacio
245 10 - TITLE STATEMENT
Title La reforma monetaria
Name of part/section of a work el austral (Decreto 1096/85)
264 #1 - PRODUCTION, PUBLICATION, DISTRIBUTION, MANUFACTURE, AND COPYRIGHT NOTICE
Place of production, publication, distribution, manufacture Buenos Aires :
Name of producer, publisher, distributor, manufacturer Plus Ultra
Date of production, publication, distribution, manufacture, or copyright notice 1985
300 ## - PHYSICAL DESCRIPTION
Extent 203 p.
Dimensions 20 cm.
505 ## - FORMATTED CONTENTS NOTE
Formatted contents note 1. Introducción - 2. El Decreto Nº 1096/85 - 3. La economía de guerra - 4. Funciones de la moneda - 5. Inflación y deflación. Revaluación y devaluación - 6. Estrategias sindical y empresaria - 7. El desagio - 8. Nominalismo y valoralismo - 9. Dirigismo y liberalismo - 10. La nueva moneda: El austral - 11. Los saldos en cuenta corriente y cuenta de ahorro. Ordenes de pago y cheques - 12. Obligaciones de dar sumas de dinero - 13. Obligaciones que no sean de dar sumas de dinero -14. Obligaciones de Derecho privado y de derecho público - 15. Obligaciones de dar sumas de dinero no sujetas a cláusulas de estabilización - 16. Obligaciones de dar sumas de dinero sujetas a cláusulas de estabilización - 17. Casuística - 18. Las relaciones creditorias laborales y previsionales del art. 7º del Dec. Nº 1096/85 - 19. Proyección del Reglamento monetario sobre las convenciones de las partes y las cláusulas de ajuste - 20. Limitación del monto de los intereses punitorios en las obligaciones sujetas a ajustes - 21. Autorizaciones, márgenes o limites fijados en los actos jurídicos - 22. Invalidez de reajustes referidos a períodos previos a la reforma monetaria en las obligaciones pactadas en australes - 23. Régimen de recibos y carta de pago de oligaciones pendientes de cumplimiento
590 ## - LOCAL NOTE (RLIN)
Local note niveau_biblio:m niveau_hierar:0
650 ## - SUBJECT ADDED ENTRY--TOPICAL TERM
Topical term or geographic name entry element AUSTRAL
650 ## - SUBJECT ADDED ENTRY--TOPICAL TERM
Topical term or geographic name entry element austral
942 ## - ADDED ENTRY ELEMENTS (KOHA)
Koha item type
Existencias
Withdrawn status Lost status Damaged status Not for loan Home library Current library Shelving location Date acquired Total checkouts Full call number Barcode Date last seen Price effective from Koha item type
        Biblioteca Prof. Eusebio Cleto del Rey Biblioteca Prof. Eusebio Cleto del Rey   07/04/2026   336.74 A242 L125641 07/04/2026 07/04/2026 Libro